Most Common Job by U.S.State - Statistics

General Stats
  • This quiz has been taken 160 times
  • The average score is 17 of 50
Answer Stats
State Job % Correct
Alaska Teacher
72%
Connecticut Teacher
72%
Florida Teacher
72%
Massachusetts Teacher
72%
Rhode Island Teacher
72%
West Virginia Teacher
72%
North Dakota Farmer
60%
South Dakota Farmer
60%
New York Nurse
52%
Nevada Sales Clerk
48%
Alabama Truck Driver
29%
Arkansas Truck Driver
29%
California Truck Driver
29%
Georgia Truck Driver
29%
Idaho Truck Driver
29%
Illinois Truck Driver
29%
Indiana Truck Driver
29%
Iowa Truck Driver
29%
Kansas Truck Driver
29%
Kentucky Truck Driver
29%
Louisiana Truck Driver
29%
Maine Truck Driver
29%
Michigan Truck Driver
29%
Minnesota Truck Driver
29%
Mississippi Truck Driver
29%
Missouri Truck Driver
29%
Montana Truck Driver
29%
Nebraska Truck Driver
29%
North Carolina Truck Driver
29%
Ohio Truck Driver
29%
Oklahoma Truck Driver
29%
Oregon Truck Driver
29%
Pennsylvania Truck Driver
29%
South Carolina Truck Driver
29%
Tennessee Truck Driver
29%
Texas Truck Driver
29%
Vermont Truck Driver
29%
Wisconsin Truck Driver
29%
Wyoming Truck Driver
29%
Colorado Software Developer
23%
Utah Software Developer
23%
Virginia Software Developer
23%
Washington Software Developer
23%
Delaware Secretary
17%
Maryland Secretary
17%
New Hampshire Secretary
17%
New Jersey Secretary
17%
New Mexico Secretary
17%
Hawaii Cook
16%
Arizona Customer Service
6%
No matching quizzes found
Score Distribution
Percent of People with Each Score
Percentile by Number Answered
Your Score History
You have not taken this quiz